Name a Vaild KHL Team - Statistics

General Stats
  • This quiz has been taken 39 times
  • The average score is 12 of 14
Answer Stats
Hint Answer % Correct
that was founded before 1950 Traktor | Spartak | Torpedo | Dynamo Moscow | CSKA | SKA
100%
that does not have blue or red on their jerseys Severstal | Traktor | Amur | Admiral
93%
that did not exist in the year 2000 Sochi | Kunlun Red Star | Avtomobilist | Admiral
93%
that has a cat as their mascot Sochi | Severstal | Ak Bars | Barys | Amur
93%
that has taken part in each season's play-off stage SKA | Ak Bars | Metallurg Magnitogorsk | Salavat Yulaev
90%
that has played in the final but never won it Traktor | Lokomotiv
90%
that has won the Gagarin Cup Ak Bars | Salavat Yulaev | Dynamo Moscow | Metallurg Magnitogorsk | SKA | CSKA | Avangard
86%
that has been temporarily based in Balashikha Vityaz | Avangard | Dynamo Moscow
86%
that is not Russian Dynamo Minsk | Barys | Kunlun Red Star
83%
that has another team playing in their region Dynamo Moscow | CSKA | Spartak | Metallurg Magnitogorsk | Traktor | Ak Bars | Neftekhimik
83%
where a Russian member of the Hockey Hall of Fame has played CSKA | Spartak | Metallurg Magnitogorsk | Traktor
79%
that has skipped a season after joining the league Lokomotiv | Admiral | Lada
79%
that has won a Russian hockey championship before the creation of the KHL, but not after it Lada | Lokomotiv
76%
that has retired number 11 Dynamo Moscow | Lada
34%
No matching quizzes found
Score Distribution
Percent of People with Each Score
Percentile by Number Answered
Your Score History
You have not taken this quiz